[Event "ROM-ch U12"]
[Site "Calimanesti Caciulata"]
[Date "2016.04.24"]
[Round "8"]
[White "Musca, Paul Constantin Cal"]
[Black "Costea, Alexandru Sebastian"]
[Result "0-1"]
[WhiteElo "1301"]
[BlackElo "1132"]
[PlyCount "64"]
[EventDate "2016.04.18"]
[EventType "swiss"]
[EventRounds "9"]
[EventCountry "ROU"]
[SourceTitle "CBM 172 Extra"]
[Source "ChessBase"]
[SourceDate "2016.06.21"]
[SourceVersion "1"]
[SourceVersionDate "2016.06.21"]
[SourceQuality "1"]

1. e4 c6 2. d4 d5 3. exd5 cxd5 4. Nf3 Nc6 5. Be3 Bg4 6. Nbd2 Nf6 7. Be2 e6 8. c3 Bd6 9. Bg5 0-0 10. 0-0 h6 11. Bh4 g5 12. Bg3 Bxg3 13. fxg3 Ne4 14. Nxe4 dxe4 15. Nd2 Bxe2 16. Qxe2 f5 17. g4 Qd5 18. gxf5 exf5 19. Qc4 Qxc4 20. Nxc4 Rad8 21. g3 b5 22. Ne3 Ne7 23. Rad1 f4 24. gxf4 gxf4 25. Ng4 h5 26. Ne5 Nd5 27. Rde1 e3 28. Rf3 Rd6 29. Ref1 Rf5 30. b3 Nxc3 31. Rxf4 Rxf4 32. Rxf4 Ne2+ 0-1